Learning Resource and Development

The complete guide to wallpapering / (Record no. 24275)

MARC details
000 -LEADER
fixed length control field 01045cam a2200289 a 4500
001 - CONTROL NUMBER
control field completeguidetow00grof
003 - CONTROL NUMBER IDENTIFIER
control field CaSfIA
005 - DATE AND TIME OF LATEST TRANSACTION
control field 20230525155247.0
007 - PHYSICAL DESCRIPTION FIXED FIELD--GENERAL INFORMATION
fixed length control field cr||||
008 - FIXED-LENGTH DATA ELEMENTS--GENERAL INFORMATION
fixed length control field 890816s1989 ncua 000 0 eng
010 ## - LIBRARY OF CONGRESS CONTROL NUMBER
LC control number 89175682
040 ## - CATALOGING SOURCE
Original cataloging agency DLC
Transcribing agency DLC
Modifying agency BTCTA
-- YDXCP
-- CaSfIA
019 ## -
-- 232715946
020 ## - INTERNATIONAL STANDARD BOOK NUMBER
International Standard Book Number 0962222402
020 ## - INTERNATIONAL STANDARD BOOK NUMBER
International Standard Book Number 9780962222405
035 ## - SYSTEM CONTROL NUMBER
System control number (OCoLC)20438295
Canceled/invalid control number (OCoLC)232715946
050 00 - LIBRARY OF CONGRESS CALL NUMBER
Classification number TH8441
Item number .G76 1989
082 00 - DEWEY DECIMAL CLASSIFICATION NUMBER
Classification number 698/.6
Edition number 20
029 1# - OTHER SYSTEM CONTROL NUMBER (OCLC)
OCLC library identifier AU@
System control number 000006786709
100 1# - MAIN ENTRY--PERSONAL NAME
Personal name Groff, David M.
245 14 - TITLE STATEMENT
Title The complete guide to wallpapering /
Medium [electronic resource]
Statement of responsibility, etc. by David M. Groff ; illustrated by Cynthia S. Groff.
260 ## - PUBLICATION, DISTRIBUTION, ETC.
Place of publication, distribution, etc. Kinston, NC :
Name of publisher, distributor, etc. Wallpapering Instructional Resources,
Date of publication, distribution, etc. c1989.
300 ## - PHYSICAL DESCRIPTION
Extent 136 p. :
Other physical details ill. ;
Dimensions 28 cm.
650 #0 - SUBJECT ADDED ENTRY--TOPICAL TERM
Topical term or geographic name entry element Paperhanging.
856 41 - ELECTRONIC LOCATION AND ACCESS
Uniform Resource Identifier <a href="http://www.archive.org/details/completeguidetow00grof">http://www.archive.org/details/completeguidetow00grof</a>
Public note Free eBook from the Internet Archive
856 42 - ELECTRONIC LOCATION AND ACCESS
Uniform Resource Identifier <a href="http://www.openlibrary.org/books/OL1782372M">http://www.openlibrary.org/books/OL1782372M</a>
Public note Additional information and access via Open Library
Holdings
Withdrawn status Lost status Damaged status Not for loan Collection Home library Current library Date acquired Total Checkouts Full call number Date last seen Price effective from Koha item type
        Project Gutenberg Main Library Main Library 05/25/2023   TH8441 .G76 1989 05/25/2023 05/25/2023 EBooks